Представление документа в формате MARC21

Поле Инд. ПП Название Значение
Тип записи a
Библиографический уровень m
001 Контрольный номер RU/IS/BASE/357312848
005 Дата корректировки 20230413154939.0
020 c Цена, тираж [б. ц.]
040 b Код языка каталог. rus
e Правила каталог. PSBO
041 0_ a Код языка текста rus
080 a Индекс УДК 004:51(075.8)
a Индекс УДК 004.932:51(075.8)
a Индекс УДК 616-073.756.8(075.8)
090 a Полочн. индекс 004
x Авторский знак М 34
097 b Оператор *Е*
b Оператор *Фа*
245 10 a Заглавие Математические основы рентгеновской компьютерной томографии
b Продолж. заглавия методические указания по дисциплинам: "Цифровая обработка изображений", "Основы распознавания образов" для студентов, обучающихся в магистратуре по направлениям: 550200 "Автоматизация и управление.", 553400 "Биомедицинская инженерия"
b Продолж. заглавия в составе учебно-методического комплекса
c Ответственность Тверской государственный технический университет, Кафедра АТП
c Ответственность составитель В.Г. Васильев
260 a Место издания Тверь
b Издательство ТвГТУ
c Дата издания 2011
300 a Объем 33 с.
b Иллюстрации/ тип воспроизводства ил.
e Сопроводительные материалы 1 дискета
440 _0 a Серия УМК-У
515 a Прим. об особенностях нумерации № 3993
516 8_ a Прим. о типе комп. файла/ данных Текст : непосредственный
a Прим. о типе комп. файла/ данных Текст : электронный
520 0_ a Аннотация Методические указания предназначены для студентов обучающихся в магистратуре по направлениям 550200 "Автоматизация и управление" и 553400 "Биомедицинская инженерия" и изучающих дисциплины: «Цифровая обработка изображений» и «Основы распознавания образов». Содержат подробное изложение основных принципов рентгеновской компьютерной томографии и математические основы восстановления распределения плотности вещества внутри исследуемых объектов методом свертки и обратного проецирования. Содержат иллюстрации, полученные в результате решения тестовых задач с помощью специально разработанных автором
п рограмм.
535 1_ a Хранилище Дискета
a Хранилище Сервер
583 a Действие Приписка : УМК
653 0_ a Ключевые слова Восстановление изображений
a Ключевые слова Компьютерная томография
a Ключевые слова Фильтрация проекции
655 07 a Жанр/ форма (устаревшее) М
773 18 w Контрольный № источника 119327
900 a Имя макрообъекта 001-000087228-000000000-0000-0000-01
901 t Тип документа m
905 a Дата создания записи 13.05.11
a Дата создания записи 18.12.18
922 c Кафедра Автоматизация технологических процессов
940 a ФАС
951 i EL-ТГТУ? Да
952 a Тип литературы для КСУ ВШ М1
990 h N записи в КСУ для Б/У (DOS) 16/2011
h N записи в КСУ для Б/У (DOS) 20/2011
j Количество экземпляров (DOS) 1+1
f Даты поступлений (DOS) 28.04.11
g Размещение заказа (DOS) РИО
c Приоритет заказа (DOS) д